000 00564nmm a2200169Ia 4500
008 251105s9999||||xx |||||||||||||||||und||
020 _a9788437042107
041 _aspa
100 _aRuiz Collantes, Francesc Xavier
245 0 _aRetórica creativa :
_b Programas de ideación publicitaria
264 _a[Madrid, España] :
_bPublicaciones de la Universidad de Valencia (PUV),
_c2000
300 _a233 páginas
490 _aAldea global
650 _aMedia Studies (Journ., TV, etc)
856 _uhttps://public.digitaliapublishing.com/a/62486
942 _cCF
999 _c82263
_d82263